000 00517nam a22002057a 4500
003 Ost
005 20220905095805.0
008 220905b |||||||| |||| 00| 0 eng d
020 _aNA
040 _cBT-PhCST
050 _a4616
082 _222
_a621.31042
100 _aKrause, Paul C ...[et al.].
245 _aAnalysis of electric machinery and drive systems /
260 _bJohn Wiley & Sons,
_cc2004.
300 _a0
_bill. ;
700 _aWasynczuk, Oleg.
700 _aSudhoff, Scott D.
942 _2ddc
_cEE
999 _c3345
_d3345